Materials science and engineering an introduction (Record no. 8036)

MARC details
000 -LEADER
fixed length control field 00395nam a22001457a 4500
003 - CONTROL NUMBER IDENTIFIER
control field NG-AbAUS
008 - FIXED-LENGTH DATA ELEMENTS--GENERAL INFORMATION
fixed length control field 160915b xxu||||| |||| 00| 0 eng d
020 ## - INTERNATIONAL STANDARD BOOK NUMBER
International Standard Book Number 9780471736967
082 ## - DEWEY DECIMAL CLASSIFICATION NUMBER
Classification number 620.1 W6701
100 ## - MAIN ENTRY--PERSONAL NAME
Personal name Callister D William Jr
9 (RLIN) 1078
245 ## - TITLE STATEMENT
Title Materials science and engineering an introduction
260 ## - PUBLICATION, DISTRIBUTION, ETC. (IMPRINT)
Place of publication, distribution, etc USA
Name of publisher, distributor, etc John Wiley & Sons
Date of publication, distribution, etc 2007
300 ## - PHYSICAL DESCRIPTION
Extent 122
Other physical details Index
942 ## - ADDED ENTRY ELEMENTS (KOHA)
Source of classification or shelving scheme Dewey Decimal Classification
Item type Book

No items available.